000 00783nam a2200217Ia 4500
008 130821s1971 sp gr spa
020 _a8422002574
040 _aCo-BoUCM
_bspa
041 _aspa
245 _aObras de San Agustín
_cIntroducción y notas de Victorino Capanaga.
250 _a5a. Ed.
260 _aMadrid (España)
_bCatólica
_c1971
300 _a[1 volumen]
490 _aBiblioteca de Autores Cristianos
_v 21
600 _aAgustín
_cSanto
_cObispo de Hipona
_d354-430
_vColecciones de escritos
_9156335
600 _aAgustín
_cSanto
_cObispo de Hipona
_d354-430
_xCrítica e interpretación, etc.
_9109465
650 0 4 _aFilosofía
_975
700 _aCapanaga, Victorino
_9156336
942 _cLIBRO
_a2
_e5
_mO17
_2DEWEY
_h190
999 _c19225
_d19225